| 000 | 00981nam a2200265 a 4500 | ||
|---|---|---|---|
| 001 | 51803 | ||
| 003 | BD-RjUL | ||
| 005 | 20211209075720.0 | ||
| 008 | 160904t19651952ii ab b 001 0 eng d | ||
| 035 | _a(BD-RjUL)51923 | ||
| 040 |
_aVIC _cVIC _dBD-RjUL _beng |
||
| 041 | _aeng | ||
| 082 |
_223 _bHEE 1965 _a306.3 |
||
| 100 | 1 |
_aHerskovits, Melville J. _q(Melville Jean), _d1895-1963. _9154965 |
|
| 245 | 1 | 0 |
_aEconomic anthropology : _bthe economic life of primitive peoples / _cMelville J. Herskovits. |
| 260 |
_aNew Delhi : _bEurasia Pub. House (p) Ltd., _c c1965 |
||
| 300 |
_axiii, 547, xxiii p. : _bill. ; _c20 cm. |
||
| 490 | 1 |
_aThe Norton library ; _vN309 |
|
| 500 | _aA thorough revision, 1952, of the author's The economic life of primitive peoples (1940) | ||
| 504 | _aIncludes index and Bibliography: p. 533-547. | ||
| 650 | 0 |
_aEconomic anthropology. _9132097 |
|
| 650 | 0 |
_aIndustries, Primitive. _9154966 |
|
| 830 | 0 |
_aNorton library ; _vN309. _9154967 |
|
| 942 |
_2ddc _cBK |
||
| 999 |
_c51803 _d51803 |
||